Leader xxxxxxxxxx
001 __ PCLIS00051963
005 __ 20211126152633.0
010 0_ |a978-957-13-6669-2|b上冊 : 平裝|dNT$400
010 0_ |a978-957-13-6670-8|b中冊 : 平裝|dNT$400
010 0_ |a978-957-13-6671-5|b下冊 : 平裝|dNT$400
010 0_ |a978-957-13-6672-2|b全套 : 平裝
042 __ |anbim
100 __ |a20170215d2016 mk y0chiy09 e
101 0_ |achi
102 __ |atw
105 __ |aa z 000yy
200 1_ |a白先勇細說紅樓夢|f白先勇著|g(清)改琦繪
205 __ |a二版
210 __ |a臺北市|c時報文化|d2016[民105]
215 0_ |a3冊(1039面)|c彩圖|d23公分
605 __ |2cst|a紅樓夢
606 __ |2cst|a紅學
606 __ |2cst|a研究考訂
681 __ |a857.49|b8676
681 __ |a857.49|b8676 2016
681 __ |a857.49|b2621|y105
700 _1 |a白|b先勇|f1937- |4著
702 _1 |s清|a改琦|f1773-1828|4繪
801 _0 |atw|bFCU|c20170215|gCCR
801 _1 |atw|b內湖高中|c20180411|gCCR
801 _2 |atw|b內湖高中|c20211126|gCCR
|